<?xml version="1.0" encoding="UTF-8"?>
<record
    xmlns:xsi="http://www.w3.org/2001/XMLSchema-instance"
    xsi:schemaLocation="http://www.loc.gov/MARC21/slim http://www.loc.gov/standards/marcxml/schema/MARC21slim.xsd"
    xmlns="http://www.loc.gov/MARC21/slim">

  <leader>01752    a2200241   4500</leader>
  <controlfield tag="003">NALT</controlfield>
  <controlfield tag="005">20240419095304.0</controlfield>
  <controlfield tag="008">240401b        th ||||| |||| 00| 0 tha d</controlfield>
  <datafield tag="020" ind1=" " ind2=" ">
    <subfield code="a">9786164860704</subfield>
  </datafield>
  <datafield tag="040" ind1=" " ind2=" ">
    <subfield code="a">NALT</subfield>
  </datafield>
  <datafield tag="050" ind1=" " ind2=" ">
    <subfield code="a">CC 72.4</subfield>
    <subfield code="b">&#xE1E;168&#xE1A; 2565</subfield>
  </datafield>
  <datafield tag="100" ind1="0" ind2=" ">
    <subfield code="a">&#xE1E;&#xE08;&#xE19;&#xE01; &#xE01;&#xE32;&#xE0D;&#xE08;&#xE19;&#xE08;&#xE31;&#xE19;&#xE17;&#xE23;</subfield>
    <subfield code="9">63549</subfield>
  </datafield>
  <datafield tag="245" ind1="1" ind2="0">
    <subfield code="a">&#xE42;&#xE1A;&#xE23;&#xE32;&#xE13;&#xE04;&#xE14;&#xE35; : </subfield>
    <subfield code="b">&#xE2D;&#xE14;&#xE35;&#xE15; &#xE21;&#xE19;&#xE38;&#xE29;&#xE22;&#xE4C;&#xE41;&#xE25;&#xE30;&#xE2A;&#xE31;&#xE07;&#xE04;&#xE21; /</subfield>
    <subfield code="c">&#xE1E;&#xE08;&#xE19;&#xE01; &#xE01;&#xE32;&#xE0D;&#xE08;&#xE19;&#xE08;&#xE31;&#xE19;&#xE17;&#xE23;.</subfield>
  </datafield>
  <datafield tag="250" ind1=" " ind2=" ">
    <subfield code="a">&#xE1E;&#xE34;&#xE21;&#xE1E;&#xE4C;&#xE04;&#xE23;&#xE31;&#xE49;&#xE07;&#xE41;&#xE23;&#xE01;.</subfield>
  </datafield>
  <datafield tag="260" ind1=" " ind2=" ">
    <subfield code="a">&#xE01;&#xE23;&#xE38;&#xE07;&#xE40;&#xE17;&#xE1E;&#xE2F; :</subfield>
    <subfield code="b">&#xE2A;&#xE22;&#xE32;&#xE21;&#xE1B;&#xE23;&#xE34;&#xE17;&#xE31;&#xE28;&#xE19;&#xE4C;,</subfield>
    <subfield code="c">2565.</subfield>
  </datafield>
  <datafield tag="300" ind1=" " ind2=" ">
    <subfield code="a">xix, 458 &#xE2B;&#xE19;&#xE49;&#xE32; :</subfield>
    <subfield code="b">&#xE20;&#xE32;&#xE1E;&#xE1B;&#xE23;&#xE30;&#xE01;&#xE2D;&#xE1A; ;</subfield>
    <subfield code="c">21 &#xE0B;&#xE21;.</subfield>
  </datafield>
  <datafield tag="505" ind1="2" ind2=" ">
    <subfield code="a">&#xE1A;&#xE17;&#xE17;&#xE35;&#xE48; 1 &#xE42;&#xE1A;&#xE23;&#xE32;&#xE13;&#xE04;&#xE14;&#xE35;&#xE04;&#xE37;&#xE2D;&#xE2D;&#xE30;&#xE44;&#xE23; -- &#xE1A;&#xE17;&#xE17;&#xE35;&#xE48; 2 &#xE1B;&#xE23;&#xE30;&#xE27;&#xE31;&#xE15;&#xE34;&#xE42;&#xE1A;&#xE23;&#xE32;&#xE13;&#xE04;&#xE14;&#xE35;&#xE42;&#xE25;&#xE01; -- &#xE1A;&#xE17;&#xE17;&#xE35;&#xE48; 3 &#xE1B;&#xE23;&#xE30;&#xE27;&#xE31;&#xE15;&#xE34;&#xE42;&#xE1A;&#xE23;&#xE32;&#xE13;&#xE04;&#xE14;&#xE35;&#xE43;&#xE19;&#xE1B;&#xE23;&#xE30;&#xE40;&#xE17;&#xE28;&#xE44;&#xE17;&#xE22; -- &#xE1A;&#xE17;&#xE17;&#xE35;&#xE48; 4 &#xE42;&#xE1A;&#xE23;&#xE32;&#xE13;&#xE04;&#xE14;&#xE35;&#xE28;&#xE36;&#xE01;&#xE29;&#xE32;&#xE08;&#xE32;&#xE01;&#xE2D;&#xE30;&#xE44;&#xE23; -- &#xE1A;&#xE17;&#xE17;&#xE35;&#xE48; 5 &#xE01;&#xE32;&#xE23;&#xE04;&#xE49;&#xE19;&#xE2B;&#xE32;&#xE2B;&#xE25;&#xE31;&#xE01;&#xE10;&#xE32;&#xE19;&#xE42;&#xE1A;&#xE23;&#xE32;&#xE13;&#xE04;&#xE14;&#xE35; -- &#xE1A;&#xE17;&#xE17;&#xE35;&#xE48; 6 &#xE01;&#xE32;&#xE23;&#xE17;&#xE33;&#xE04;&#xE27;&#xE32;&#xE21;&#xE40;&#xE02;&#xE49;&#xE32;&#xE43;&#xE08;&#xE2B;&#xE25;&#xE31;&#xE01;&#xE10;&#xE32;&#xE19;&#xE42;&#xE1A;&#xE23;&#xE32;&#xE13;&#xE04;&#xE14;&#xE35; -- &#xE1A;&#xE17;&#xE17;&#xE35;&#xE48;&#xE48; 7 &#xE01;&#xE32;&#xE23;&#xE17;&#xE33;&#xE04;&#xE27;&#xE32;&#xE21;&#xE40;&#xE02;&#xE49;&#xE32;&#xE43;&#xE08;&#xE21;&#xE19;&#xE38;&#xE29;&#xE22;&#xE4C;&#xE41;&#xE25;&#xE30;&#xE2A;&#xE31;&#xE07;&#xE04;&#xE21;&#xE43;&#xE19;&#xE2D;&#xE14;&#xE35;&#xE15; -- &#xE1A;&#xE17;&#xE17;&#xE35;&#xE48; 8 &#xE42;&#xE1A;&#xE23;&#xE32;&#xE13;&#xE04;&#xE14;&#xE35;&#xE01;&#xE31;&#xE1A;&#xE2A;&#xE31;&#xE07;&#xE04;&#xE21;&#xE23;&#xE48;&#xE27;&#xE21;&#xE2A;&#xE21;&#xE31;&#xE22;.</subfield>
  </datafield>
  <datafield tag="650" ind1=" " ind2="4">
    <subfield code="a">&#xE42;&#xE1A;&#xE23;&#xE32;&#xE13;&#xE04;&#xE14;&#xE35; </subfield>
    <subfield code="9">20578</subfield>
  </datafield>
  <datafield tag="650" ind1=" " ind2="4">
    <subfield code="a">&#xE42;&#xE1A;&#xE23;&#xE32;&#xE13;&#xE04;&#xE14;&#xE35;&#xE2A;&#xE31;&#xE07;&#xE04;&#xE21;&#xE27;&#xE34;&#xE17;&#xE22;&#xE32;</subfield>
    <subfield code="9">63550</subfield>
  </datafield>
  <datafield tag="650" ind1=" " ind2="4">
    <subfield code="a">&#xE42;&#xE1A;&#xE23;&#xE32;&#xE13;&#xE04;&#xE14;&#xE35;&#xE01;&#xE31;&#xE1A;&#xE1B;&#xE23;&#xE30;&#xE27;&#xE31;&#xE15;&#xE34;&#xE28;&#xE32;&#xE2A;&#xE15;&#xE23;&#xE4C;</subfield>
    <subfield code="9">63551</subfield>
  </datafield>
  <datafield tag="942" ind1=" " ind2=" ">
    <subfield code="c">GB</subfield>
    <subfield code="2">lcc</subfield>
  </datafield>
  <datafield tag="996" ind1=" " ind2=" ">
    <subfield code="a">saiphon.d</subfield>
    <subfield code="b">CATSTF	</subfield>
    <subfield code="c">2024-04-01</subfield>
  </datafield>
  <datafield tag="999" ind1=" " ind2=" ">
    <subfield code="c">104883</subfield>
    <subfield code="d">104883</subfield>
  </datafield>
  <datafield tag="998" ind1=" " ind2=" ">
    <subfield code="j">4576</subfield>
    <subfield code="k"> &#xE19;&#xE31;&#xE01;&#xE28;&#xE36;&#xE01;&#xE29;&#xE32;&#xE1D;&#xE36;&#xE01;&#xE07;&#xE32;&#xE19;-02</subfield>
  </datafield>
  <datafield tag="952" ind1=" " ind2=" ">
    <subfield code="0">0</subfield>
    <subfield code="1">0</subfield>
    <subfield code="2">lcc</subfield>
    <subfield code="4">0</subfield>
    <subfield code="7">0</subfield>
    <subfield code="8">CGBL</subfield>
    <subfield code="a">NALT</subfield>
    <subfield code="b">NALT</subfield>
    <subfield code="c">GEN</subfield>
    <subfield code="d">2024-03-14</subfield>
    <subfield code="e">193</subfield>
    <subfield code="l">0</subfield>
    <subfield code="o">CC 72.4 &#xE1E;168&#xE1A; 2565</subfield>
    <subfield code="p">3961222788</subfield>
    <subfield code="r">2024-05-01 00:00:00</subfield>
    <subfield code="w">2024-03-14</subfield>
    <subfield code="y">GB</subfield>
  </datafield>
</record>
